000 00685nam a2200253Ia 4500
003 OSt
005 20221006142412.0
006 a|||||r|||| 00| 0
007 ta
008 221006b |||||||| |||| 00| 0 eng d
020 _a9780804811989
024 _a6,293
037 _bGift, Japan Foundation
_cTextual
040 _aEASL
_cEASL
_beng
041 _2eng
_aeng
082 _aO42,2xN20, N6
100 _aWALEY Arthur
245 0 _aNo palys of Japan
260 _aNew York
_bCharles E. Tuttle Com.
_c1996
300 _a270p.
_ccm.
490 _v JEL
942 _hO42,2xN20, N6
_cTEXL
_2CC
999 _c1074379
_d1074379